Vista normal
Vista MARC
Entrada Materia (personas)
Número de registros utilizados en: 2
001 - CONTROL NUMBER
- control field: 29920
003 - CONTROL NUMBER IDENTIFIER
- control field: Co-BoUCM
005 - DATE AND TIME OF LATEST TRANSACTION
- control field: 20130222141203.0
008 - FIXED-LENGTH DATA ELEMENTS
- fixed length control field: 130222|| aca||aabn | a|a d
040 ## - CATALOGING SOURCE
- Original cataloging agency: Co-BoUCM
- Transcribing agency: Co-BoUCM
100 ## - HEADING--PERSONAL NAME
- Personal name: Martínez García, Elena
670 ## - SOURCE DATA FOUND
- Source citation: Work cat.: (Co-BoUCM): Martínez García, Elena, La ejecución de los trabajos en beneficio de la comunidad por delitos de violencia de género, 2012